000 00722nam a2200241 a 4500
001 000010345
003 DO-SdBNP
005 20240412074217.0
007 ta
008 091006t2001 dr r 000 p spa d
020 _z999343325X
040 _aDO-SdBNP
_bspa
_cBNPHU
082 4 _aRD861.44
_bG216c
_222
100 1 _aGarcía Carrasco, Félix,
_d1920-2008
_925358
245 1 0 _aCincuenta años después... /
_cFélix García Carrasco.
260 _aSanto Domingo :
_bMediabyte,
_c2001.
300 _a105 p. :
_bil., retrs. ;
_c21 cm.
590 _aInventariado, 2018/BT
650 4 _aPoesía dominicana
_966
650 0 _aLiteratura dominicana.
_967
910 _aValidado. Control de calidad. EMS
942 _2ddc
_cLBS1
999 _c10104
_d10104